UBT Library

Oracle database 10g PL/SQL 101 (Record no. 690)

000 -LEADER
fixed length control field 00634nam a22002297a 4500
005 - DATE AND TIME OF LATEST TRANSACTION
control field 20150414085316.0
006 - FIXED-LENGTH DATA ELEMENTS--ADDITIONAL MATERIAL CHARACTERISTICS--GENERAL INFORMATION
fixed length control field
008 - FIXED-LENGTH DATA ELEMENTS--GENERAL INFORMATION
fixed length control field 080807s2004 nyua s 001 0 eng d
020 ## - INTERNATIONAL STANDARD BOOK NUMBER
Cancelled/invalid ISBN 9780072255409
041 0# - LANGUAGE CODE
Language code of text/sound track or separate title eng
080 ## - UNIVERSAL DECIMAL CLASSIFICATION NUMBER
Universal Decimal Classification number 004
100 1# - Rafti
Rafti Allen, Christopher.
245 10 - TITLE STATEMENT
Title Oracle database 10g PL/SQL 101
Statement of responsibility, etc Christopher Allen.
256 ## - COMPUTER FILE CHARACTERISTICS
Computer file characteristics Computer document.
260 ## -
-- [New York?] :
-- McGraw-Hill/Osborne,
-- 2004
300 ## -
-- 395 f.:
-- me il.;
-- 23 cm
505 ## -
-- Index: f. 375 - 395
650 #0 -
-- Kompjuterat
650 #0 -
-- Gjuha programuese
655 #7 -
-- Electronic books.
942 ## - ADDED ENTRY ELEMENTS (KOHA)
Source of classification or shelving scheme
Item type Books
Holdings
Withdrawn status Lost status Source of classification or shelving scheme Damaged status Not for loan Collection code Permanent location Current location Shelving location Date acquired Total Checkouts Full call number Barcode Date last seen Price effective from Koha item type
          Koleksioni i përgjithshem UBT - Lipjan UBT - Lipjan Koleksioni i përgjithshem 04/14/2015   004 ALL 002-006462 04/14/2015 04/14/2015 Books
          Koleksioni i përgjithshem UBT - Lipjan UBT - Lipjan Koleksioni i përgjithshem 04/30/2015   004 ALL 002-006463 04/30/2015 04/30/2015 Books
          Koleksioni i përgjithshem UBT - Lipjan UBT - Lipjan Koleksioni i përgjithshem 04/30/2015   004 ALL 002-006464 04/30/2015 04/30/2015 Books
          Koleksioni i përgjithshem UBT - Lipjan UBT - Lipjan Koleksioni i përgjithshem 04/30/2015   004 ALL 002-006480 04/30/2015 04/30/2015 Books
          Koleksioni i përgjithshem UBT - Lipjan UBT - Lipjan Koleksioni i përgjithshem 04/30/2015   004 ALL 002-006481 04/30/2015 04/30/2015 Books
          Koleksioni i përgjithshem UBT - Lipjan UBT - Lipjan Koleksioni i përgjithshem 04/30/2015   004 ALL 002-006482 04/30/2015 04/30/2015 Books
          Koleksioni i përgjithshem UBT - Lipjan UBT - Lipjan Koleksioni i përgjithshem 04/30/2015   004 ALL 002-006483 04/30/2015 04/30/2015 Books
          Koleksioni i përgjithshem UBT - Lipjan UBT - Lipjan Koleksioni i përgjithshem 04/30/2015   004 ALL 002-006484 04/30/2015 04/30/2015 Books
          Koleksioni i përgjithshem UBT - Lipjan UBT - Lipjan Koleksioni i përgjithshem 04/30/2015   004 ALL 002-006485 04/30/2015 04/30/2015 Books
          Koleksioni i përgjithshem UBT - Lipjan UBT - Lipjan Koleksioni i përgjithshem 04/30/2015   004 ALL 002-006486 04/30/2015 04/30/2015 Books
          Koleksioni i përgjithshem UBT - Lipjan UBT - Lipjan Koleksioni i përgjithshem 04/30/2015   004 ALL 002-006487 05/23/2017 04/30/2015 Books
          Koleksioni i përgjithshem UBT - Lipjan UBT - Lipjan Koleksioni i përgjithshem 04/30/2015   004 ALL 002-006488 04/30/2015 04/30/2015 Books
          Koleksioni i përgjithshem UBT - Lipjan UBT - Lipjan Koleksioni i përgjithshem 04/30/2015   004 ALL 002-006489 04/30/2015 04/30/2015 Books
          Koleksioni i përgjithshem UBT - Lipjan UBT - Lipjan Koleksioni i përgjithshem 04/30/2015   004 ALL 002-006490 04/30/2015 04/30/2015 Books
          Koleksioni i përgjithshem UBT - Lipjan UBT - Lipjan Koleksioni i përgjithshem 04/30/2015   004 ALL 002-006492 04/30/2015 04/30/2015 Books
          Koleksioni i përgjithshem UBT - Lipjan UBT - Lipjan Koleksioni i përgjithshem 04/30/2015   004 ALL 002-006493 04/30/2015 04/30/2015 Books
          Koleksioni i përgjithshem UBT - Lipjan UBT - Lipjan Koleksioni i përgjithshem 04/30/2015   004 ALL 002-006494 04/30/2015 04/30/2015 Books
UBT Library © 2015-2024. All rights reserved University Education for Business and Technology